各拼音开头人口前五的都会区 - Statistics

General Stats
  • This quiz has been taken 75 times
  • The average score is 51 of 112
Answer Stats
Hint Answer % Correct
b 北京
100%
ch 重庆
91%
d 东京
89%
g 广州
89%
ch 成都
89%
sh 上海
89%
n 纽约
87%
n 南京
87%
m 莫斯科
85%
b 巴黎
83%
l 洛杉矶
83%
l 伦敦
83%
h 杭州
83%
x 西安
83%
sh 沈阳
83%
t 天津
80%
sh 首尔
80%
w 武汉
80%
m 孟买
78%
q 青岛
78%
x 厦门
78%
zh 郑州
78%
f 福州
76%
n 南宁
76%
k 开罗
76%
x 新德里
76%
x 香港
76%
ch 长沙
76%
ch 长春
74%
y 雅加达
74%
m 墨西哥城
72%
m 曼谷
72%
d 大阪
72%
t 台北
72%
l 里约热内卢
72%
n 宁波
70%
k 昆明
70%
j 济南
70%
sh 圣保罗
70%
b 布宜诺斯艾利斯
67%
x 新加坡
67%
j 加尔各答
65%
j 吉隆坡
65%
zh 芝加哥
65%
m 马尼拉
63%
d 多伦多
61%
w 温州
61%
d 德黑兰
57%
p 平壤
54%
t 太原
54%
h 合肥
54%
w 乌鲁木齐
54%
b 班加罗尔
52%
l 拉各斯
52%
h 华盛顿
52%
f 釜山
50%
g 贵阳
50%
k 卡拉奇
50%
y 伊斯坦布尔
50%
y 约翰内斯堡
50%
b 波哥大
48%
d 达卡
46%
h 胡志明市
46%
y 亚特兰大
46%
f 费城
41%
l 拉合尔
37%
j 金沙萨
37%
零辅音 安卡拉
37%
n 内罗毕
35%
zh 札幌
35%
sh 圣地亚哥
33%
r 日照
30%
s 泗水
30%
w 万隆
24%
zh 珠海
22%
h 海得拉巴
17%
零辅音 阿比让
17%
p 浦那
15%
q 钦奈
15%
f 菲尼克斯
13%
j 吉达
13%
z 淄博
13%
p 莆田
11%
t 塔什干
11%
c 慈溪
11%
y 亚历山大港
11%
零辅音 艾哈迈达巴德
11%
k 卡诺
9%
r 日惹
9%
零辅音 阿克拉
9%
零辅音 安曼
9%
k 喀土穆
7%
zh 斋浦尔
7%
s 苏拉特
7%
w 危地马拉城
7%
p 匹兹堡
4%
f 费萨拉巴德
4%
g 瓜达拉哈拉
4%
g 瓜亚基尔
4%
q 秦皇岛
4%
s 宿务
4%
p 普埃布拉
2%
t 坦帕
2%
q 乔治市
2%
z 遵义
2%
c 苍南
2%
s 萨那
2%
g 古杰兰瓦拉
0%
q 奇瓦瓦
0%
ch 昌迪加尔
0%
r 若昂佩索阿
0%
s 萨尔瓦多
0%
No matching quizzes found
Score Distribution
Percent of People with Each Score
Percentile by Number Answered
Your Score History
You have not taken this quiz